| 000 | 00396nam a22001697a 4500 | ||
|---|---|---|---|
| 005 | 20200319121505.0 | ||
| 008 | 200319b xxu||||| |||| 00| 0 eng d | ||
| 041 | _aeng | ||
| 082 | _a646.72 | ||
| 100 |
_aNEMA, RAJESH KUMAR _95245 |
||
| 245 | _aTEXTBOOK OF COSMETICS | ||
| 250 | _a1st, Ed. 2009 | ||
| 260 |
_aNEW DELHI _bCBS |
||
| 300 | _a324;p. 2017 | ||
| 650 |
_aPHARMACY _95325 |
||
| 942 | _cBK | ||
| 999 |
_c6175 _d6173 |
||